• 首页
  • 本馆介绍
  • 公告通知
  • 最新文献
  • 馆藏检索
  • 电子资源
  • 读者导购
  • 参考咨询
  • 我的图书馆
  • 登录
  • 详细信息显示
  • 放入我的书架
  • 预约/预借图书
  • 作者相关作品
  • 分类相关作品
  • 丛书相关作品
  • 出版社相关作品

书目信息

  • 表格格式
  • 工作单格式
  • 卡片格式
题名:
湘南土话代词研究
    
 
作者: 卢小群 著
分册:  
出版信息: 北京   中国社会科学出版社  2004
页数: 366页
开本: 21cm
丛书名:
单 册:
中图分类: H174
科图分类:
主题词: 代词 , 湘语--代词--研究--湖南
电子资源:
ISBN: 7-5004-4800-7
000 01073nam0 2200289 45
001 060000033223
005 20051219142516.04
010    @a7-5004-4800-7@dCNY34.00
092    @aCN
100    @a20050618d2004 ekmy0chiy0120 ea
101 0  @achi
102    @aCN@b110000
105    @ay az 000yy
200 1  @a湘南土话代词研究@9xiang nan tu hua dai ci yan jiu@f卢小群著@Flu xiao qun zhu
210    @a北京@c中国社会科学出版社@d2004
215    @a366页@d21cm
300    @a本书出版得到韶关市永兆置业有限公司等资助
314    @a卢小群,1964年出生,湖南华容人,文学博士。现为中国社会科学院语言所博士后研究人员,湖南工业大学教授。出版《现代广告文案艺术》、《嘉禾土话研究》等专著。发表论文二十多篇。
320    @a有书目:第354-360页
330    @a本书主要讨论湘南土话代词的情况。从描写语言学的角度出发,对土话的人称代词、指示代词和疑问代词作了全面系统的描写、分析和归纳。
606 0  @a代词
606 0  @a湘语@x代词@x研究@y湖南
690    @aH174@v4
701  0 @a卢小群@Alu xiao qun@4著
801  0 @aCN@bCXYBOOK@c20051219
905    @a10447@dH174@e19
999    @aWJ@eDF
    
    湘南土话代词研究/卢小群著.-北京:中国社会科学出版社,2004
    366页;21cm
    本书出版得到韶关市永兆置业有限公司等资助
    
    ISBN 7-5004-4800-7:CNY34.00
    本书主要讨论湘南土话代词的情况。从描写语言学的角度出发,对土话的人称代词、指示代词和疑问代词作了全面系统的描写、分析和归纳。
●
相关链接 在E读中查询图书 在五车中查询图书 在当当中查询图书 在豆瓣中查询图书


正题名:湘南土话代词研究     索取号:H174/19         预约/预借

序号 登录号 条形码 馆藏地/架位号 状态 备注
1 0371724   203717246   第二样本阅览室/ [索取号:H174/19] 在馆    
2 0371725   203717255   第四借阅区/ [索取号:H174/19] 在馆    
3 0371726   203717264   第四借阅区/ [索取号:H174/19] 在馆    
4 0371727   203717273   第四借阅区/ [索取号:H174/19] 在馆    
5 0371728   203717282   第四借阅区/ [索取号:H174/19] 在馆    
唐山师范学院图书馆 欢迎您!
大连网信软件有限公司© 版权所有